| 000 | 01036nam a2200289 i 4500 | ||
|---|---|---|---|
| 001 | 128927 | ||
| 003 | ES-MaACL | ||
| 005 | 20251013220233.0 | ||
| 007 | t| | ||
| 008 | 070531s1962 sp ||||1| spa d | ||
| 080 | _a839.8-2"19"(082) | ||
| 245 | 0 | 0 |
_aTeatro danés contemporáneo / _cversiones de Josefa Sainz Pulido ... [et al.] ; prólogo de Víctor Auz. |
| 260 |
_aMadrid : _bAguilar, _c1962. |
||
| 300 |
_a344 p. ; _c19 cm. |
||
| 490 | 1 | _aTeatro contemporáneo | |
| 505 | 8 | _aContiene: La palabra / Kaf Munk . ¿Quién soy yo? / C.E. Soya . El fantasma de la reina / Kjeld Abell . El juez / H.C. Branner | |
| 650 | 7 |
_aTeatro danés _2embne _917337 |
|
| 700 | 1 |
_aSainz Pulido, Josefa. _9101606 |
|
| 700 | 1 |
_aAuz, Víctor, _d1935- _9173073 |
|
| 700 | 1 |
_aMunk, Kaf. _984208 |
|
| 700 | 1 |
_aSoya, Carl Erik. _9107613 |
|
| 700 | 1 |
_aAbell, Kjeld, _918043 |
|
| 700 | 1 |
_aBranner, Hans Christian. _931363 |
|
| 830 | 1 | 0 |
_aTeatro contemporáneo (Aguilar) _9186750 |
| 852 |
_aES-MaACL _jC-22070 |
||
| 999 |
_c128927 _d128927 |
||